Ιστορία του οικισμού της Ερμουπόλεως
Αποθηκεύτηκε σε:
| Κύριος συγγραφέας: | |
|---|---|
| Μορφή: | Βιβλίο |
| Γλώσσα: | Greek |
| Δημοσίευση: |
Σύρος :
Τυποκυκλαδική,
2000.
|
| Θέματα: | |
| Ετικέτες: |
Προσθήκη ετικέτας
Δεν υπάρχουν, Καταχωρήστε ετικέτα πρώτοι!
|
MARC
| LEADER | 00000cam a2200000 i 4500 | ||
|---|---|---|---|
| 001 | 1/23886 | ||
| 008 | 011114s2000 gr | ||| |||| ||gre|| | ||
| 020 | |a 9609128009 |q (τ. 1) | ||
| 020 | |a 9609128017 |q (τ. 2) | ||
| 020 | |a 9609128025 |q (set) | ||
| 035 | |l 10067751 | ||
| 040 | |a GR-MyUa |b gre |e AACR2 | ||
| 041 | 0 | |a gre | |
| 082 | 0 | |a 938.971 |2 (21) | |
| 100 | 1 | |a Δρακάκης, Ανδρέας Θ., |d 1909-1996. | |
| 245 | 1 | 0 | |a Ιστορία του οικισμού της Ερμουπόλεως / |c Ανδρέα Θεοδ. Δρακάκη. |
| 260 | |a Σύρος : |b Τυποκυκλαδική, |c 2000. | ||
| 300 | |a 2 τ. ; |c 24 εκ. | ||
| 500 | |a Επανέκδοση. | ||
| 504 | |a Περιλαμβάνει βιβλιογραφικές παραπομπές και ευρετήρια. | ||
| 505 | 8 | |a Τ. 1. 1821-1825 -- τ. 2. 1826-1827. | |
| 650 | 0 | |a Land settlement |z Greece |z Hermoupolis. | |
| 651 | 0 | |a Hermoupolis (Greece) |x History. | |
| 651 | 0 | |a Hermoupolis (Greece) |x Commerce. | |
| 852 | |a INST |b SYROS |c KYK |e 20011127 |h 938.971 ΔΡΑ |p 005500000704 |q 005500000704 |t BK |v τ.2: |y 4 |x 20191119 |z τ.2 | ||
| 852 | |a INST |b SYROS |c KYK |e 20011114 |h 938.971 ΔΡΑ |p 005500000705 |q 005500000705 |t BK |v τ.1: |y 4 |x 20191007 |z τ.1 | ||
| 853 | |a INST |b SYROS |c KYK |h 938.971 ΔΡΑ | ||
| 901 | |a BIBL5-2001-3 | ||
| 922 | |a 5ΕΛΗ |b 200111 |c Βιβλιοθήκη Σύρου |d Σταθόπουλος | ||
| 950 | |a 188-2001-11-06 | ||
| 970 | |a Κρητικού |b Θωμαΐς |z 27/11/2001 | ||